MDQL
is popping MORE tags! Check the
thread
!
Quizzes
Events
Quiz Creation
Community
Videos
Private Events
Remove Ads
Sign In
Join for FREE
Feedback
Dark Mode
Quiz Categories
Sports
Geography
Music
Movies
Television
Just For Fun
Miscellaneous
History
Literature
Language
Science
Gaming
Entertainment
Religion
Holiday
For Kids
Quiz Lab
Recent
Popular Today
Quiz Kudos Today
Editor Picks
Curator Picks
Quizzes by...
Day
Popularity
Type
Ratings
Length
Year
Community
Subscriptions
Recent Discussions
Orange Saloon
Badges
Playlists
Quests
Create
Leaderboards
Showdown
Live 5
Trivia Bingo
Activity
Puzzle Library
Sporcle Events
Private Events
Virtual Trivia
Globe League
Become a Host
Pub Owners
SporcleCon
Opinionation
Our Games
Videos
Blog
Mobile Apps
Partnerships
Remove Ads and Go Orange
Feedback
Gaming
Video Games
Board Games
Card Games
Pokémon
Mario
Nintendo
Minecraft
Console
Toys
Legend of Zelda
Gaming
Video Games
Board Games
Card Games
Pokémon
Mario
Nintendo
Minecraft
Console
Toys
Legend of Zelda
Random Quiz
Search Sporcle
×
Quiz Lab
Quiz Lab
Gaming
Board Games
Type in answers that appear in a list
Type in answers that appear in a list
Classic
Best Score? Go Orange.
Every Harvest Moon Bachelor Stats
Can you name the males you can marry in every Harvest Moon game?
By
SailingMishap
7m
44 Questions
467 Plays
467 Plays
467 Plays
Comments
Comments
Give Quiz Kudos
Give Quiz Kudos
-
- Ratings
hide this ad
Replay
Link that replays current quiz
Next Quiz
Link to next quiz in quiz playlist
You Got
0%
They Got
Avg Score
51%
Avg Friend Score
Upgrade to see
Score Distribution
Jump to the score distribution portion of the page
Score
0/44
Timer
07:00
0
Plays Today
Game
The game they're most well-known in
% Correct
More Friends of Mineral Town
Gray
79.7%
More Friends of Mineral Town
Doctor
74.9%
More Friends of Mineral Town
Cliff
74.7%
More Friends of Mineral Town
Kai
70.4%
Harvest Moon DS Cute
Rock
68.5%
More Friends of Mineral Town
Rick
67.9%
Harvest Moon DS Cute
Marlin
61.2%
Harvest Moon DS Cute
Skye
60.8%
Harvest Moon DS Cute
Gustafa
60.6%
Tree of Tranquility
Luke
59.7%
Island of Happiness
Vaughn
59.1%
Tree of Tranquility
Gill
56.1%
Sunshine Islands
Will
55.2%
Animal Parade
Wizard
55.2%
Tree of Tranquility
Chase
54.8%
Tree of Tranquility
Jin
52.9%
Tree of Tranquility
Owen
52.9%
Tree of Tranquility
Toby
52.5%
Harvest Moon DS Cute
Carter
52%
Island of Happiness
Elliot
51.4%
Animal Parade
Harvest King
51.4%
Harvest Moon DS Cute
Griffin
49.7%
Game
The game they're most well-known in
% Correct
Tree of Tranquility
Julius
49.7%
Magical Melody
Blue
49.3%
Island of Happiness
Mark
49.3%
Island of Happiness
Pierre
49.3%
Island of Happiness
Denny
48.4%
Island of Happiness
Shea
47.3%
Magical Melody
Alex
45.4%
Magical Melody
Kurt
45.4%
Magical Melody
Joe
45.2%
Tree of Tranquility
Calvin
44.8%
Magical Melody
Jamie
44.3%
Grand Bazaar
Dirk
42.8%
Magical Melody
Bob
42.4%
Magical Melody
Ray
42.2%
Magical Melody
Carl
42%
Magical Melody
Dan
41.5%
Magical Melody
Basil
39%
Grand Bazaar
Ivan
38.1%
Grand Bazaar
Amir
35.3%
Magical Melody
Louis
33%
Grand Bazaar
Angelo
32.5%
Grand Bazaar
Lloyd
31.7%
Quiz Playlist
Details
Report
Send in Message
Add To Playlist
Classic:
Type in answers that appear in a list
Quiz Source
Last Updated: Feb 16, 2017
Quiz Scoreboard
CHALLENGE
Sign Up to Join the Scoreboard
Show All
Scores
Hide
Comments
May contain spoilers
Recently Published
Image Sorting: Flags VI
by Barbecue
Geography
2m
Find the 'City' Movie
by crazypaving
Movies
60s
Colored Red Africa Blitz
by spor1
Geography
45s
More to Explore
Quiz From the Vault
Featured Blog Post
14 Easter Pick-up Lines to Find Eggs With
hide this ad
You Might Also Like...
Tags
Board Games Quiz
bachelor
Harvest
Harvest Moon
male
Marry
Moon
Well Known
Today's Top Quizzes in Gaming
Browse Gaming
hide this ad
Today's Top Quizzes in Board Games
Browse Board Games
Top Contributed Quizzes in Gaming
1
League of Legends Pro Players by Career/Team History
2
Destiny 2 exotic weapons by perk icons
3
Genshin murder mystery
4
Dead By Daylight Logic Puzzle
5
Genshin Impact Logic Puzzle
6
Overwatch Logic Puzzle
7
4x4 Decades: Video Games
8
Who's on the WWE 2K24 Cover?
9
Overwatch 2: Ultimate Ability Icons
10
Valorant Agent Developer Names (Up to Clove)
Explore More
Trending Topics
Marvel
Kpop
Anime
Disney
Crossword
Harry Potter
NBA
Pokémon
Song
WWE
Soccer
NFL
Country
The Office
Puzzle
hide this ad
More By:
SailingMishap
Quiz
Plays
Rating
Category
Featured
Created
Every Harvest Moon Bachelor
467
3.00
Gaming
Jan 15, 2011
Go to Creator's Profile
Score Distribution
Quiz Creator Spotlight
SailingMishap
Follow
Send a Message
Quizzes Created
-
Created Quiz Play Count
-
More By This Creator
Popular Quizzes Today
1
Colored Red Africa Blitz
2
Find the US States - No Outlines Minefield
3
Find the 'City' Movie
4
5x2 Blitz: Bands
5
The Countries of the World
6
Find the US States
7
Find the Countries of Europe - No Outlines Minefield
8
US States
More Gaming Quizzes
Video Game Lead Characters
Published
Trending Quizzes
Colored Red Europe Blitz I
Colored Red Europe Blitz II
Colored Red Africa Blitz II
Colored Red Europe Blitz III
Colored Red Africa Blitz III
Recently Updated
How Do You Spell That?
pecheneg
Godzilla Movies
pecheneg
Grab Bag: 4-10 Letters
pecheneg
2024 March Madness Bracket
pecheneg
Famous TV Couples
Peacemaker
Champions League XIs: Real Madrid
pecheneg
Largest US Cities 1790-2010
pecheneg
Rides in Walt Disney World
pecheneg
Most Oscar Losses (Acting)
pecheneg
Beyoncé Albums
pecheneg
Trending Topics
Disney
Kpop
Crossword
NBA
Harry Potter
Marvel
Anime
WWE
The Office
Pokémon
Country
Puzzle
NFL
Song
Soccer
Your Account Isn't Verified!
In order to create a playlist on Sporcle, you need to verify the email address you used during registration. Go to your
Sporcle Settings
to finish the process.
Report this User
Report this user for behavior that violates our
Community Guidelines
.
Details:
Send Report
Go to the Sporcle.com Mobile Site →
Comments